header

Comprehensive medicinal chemistry : (Record no. 266384)

MARC details
000 -LEADER
fixed length control field 01902cam a2200409 a 4500
001 - CONTROL NUMBER
control field 1980360
003 - CONTROL NUMBER IDENTIFIER
control field OSt
005 - DATE AND TIME OF LATEST TRANSACTION
control field 20260622074357.0
008 - FIXED-LENGTH DATA ELEMENTS--GENERAL INFORMATION
fixed length control field 890724s1990 enka b 001 0 eng c
010 ## - LIBRARY OF CONGRESS CONTROL NUMBER
LC control number 89016329
020 ## - INTERNATIONAL STANDARD BOOK NUMBER
International Standard Book Number 0080325300 (set) :
Terms of availability $1995.00 (est.)
International Standard Book Number 9780080325309
035 ## - SYSTEM CONTROL NUMBER
System control number 1980360
040 ## - CATALOGING SOURCE
Original cataloging agency DNLM/DLC
Language of cataloging eng
Transcribing agency DLC
Modifying agency DLC
050 00 - LIBRARY OF CONGRESS CALL NUMBER
Classification number RS402
Item number .C65 1990
060 ## - NATIONAL LIBRARY OF MEDICINE CALL NUMBER
Classification number QV 744 C737
082 00 - DEWEY DECIMAL CLASSIFICATION NUMBER
Classification number 615/.19
Edition number 20
245 00 - TITLE STATEMENT
Title Comprehensive medicinal chemistry :
Remainder of title the rational design, mechanistic study & therapeutic application of chemical compounds /
Statement of responsibility, etc chairman of the editorial board, Corwin Hansch ; joint executive editors, Peter G. Sammes, John B. Taylor.
250 ## - EDITION STATEMENT
Edition statement 1st ed.
260 ## - PUBLICATION, DISTRIBUTION, ETC. (IMPRINT)
Place of publication, distribution, etc Oxford ;
-- New York :
Name of publisher, distributor, etc Pergamon Press,
Date of publication, distribution, etc 1990.
300 ## - PHYSICAL DESCRIPTION
Extent 6 v. :
Other physical details ill. ;
Dimensions 28 cm.
336 ## - CONTENT TYPE
Content type term text
Content type code txt
Source rdacontent
337 ## - MEDIA TYPE
Media type term unmediated
Media type code n
Source rdamedia
338 ## - CARRIER TYPE
Carrier type term volume
Carrier type code nc
Source rdacarrier
500 ## - GENERAL NOTE
General note Stereopticon 707 inserted in pocket of v. 4.
504 ## - BIBLIOGRAPHY, ETC. NOTE
Bibliography, etc Includes bibliographical references and indexes.
505 0# - FORMATTED CONTENTS NOTE
Formatted contents note v. 1. General principles / volume editor, Peter D. Kennewell -- v. 2. Enzymes & other molecular targets / volume editor, Peter G. Sammes -- v. 3 Membranes & receptors / volume editor, John C. Emmett -- v. 4. Quantitative drug design / volume editor, Christopher A. Ramsden -- v. 5. Biopharmaceutics / volume editor, John B. Taylor -- v. 6. Cumulative subject index & drug compendium / volume editor, Colin J. Drayton.
650 #0 - SUBJECT ADDED ENTRY--TOPICAL TERM
Topical term or geographic name as entry element Pharmaceutical chemistry.
700 1# - ADDED ENTRY--PERSONAL NAME
Personal name Hansch, Corwin.
Personal name Sammes, P. G.
Fuller form of name (Peter George)
Personal name Taylor, J. B.
Fuller form of name (John Bodenhan),
Dates associated with a name 1939-
906 ## - LOCAL DATA ELEMENT F, LDF (RLIN)
a 7
b cbc
c orignew
d 1
e ocip
f 19
g y-gencatlg
942 ## - ADDED ENTRY ELEMENTS (KOHA)
Source of classification or shelving scheme Library of Congress Classification
Koha item type Long Loan Books
987 ## - LOCAL ROMANIZATION/CONVERSION HISTORY (OCLC)
Agency that converted, created or reviewed RBSCDRECON
Date of conversion or review 20190108
Status code r
Note SPEC MAT.
Holdings
Withdrawn status Lost status Source of classification or shelving scheme Damaged status Not for loan Collection code Home library Current library Shelving location Date acquired Total Checkouts Full call number Barcode Date last seen Price effective from Koha item type
    Library of Congress Classification     Non-fiction Rongo University Library Rongo University Library General Stacks 22/06/2026   RS402 .C65 1990 20262168 22/06/2026 22/06/2026 Long Loan Books

© 2026 Rongo University
Contact us: librarian | system librarian | Rongo university